Periphery and Small Ones Matter (Record no. 8434)
[ view plain ]
| 000 -LEADER | |
|---|---|
| fixed length control field | 00613nam a2200121Ia 4500 |
| 008 - FIXED-LENGTH DATA ELEMENTS--GENERAL INFORMATION | |
| fixed length control field | 220615s9999||||xx |||||||||||||| ||und|| |
| 100 ## - MAIN ENTRY--PERSONAL NAME | |
| Personal name | Azis, Iwan J. |
| 245 #0 - TITLE STATEMENT | |
| Title | Periphery and Small Ones Matter |
| Remainder of title | Interplay of Policy and Social Capital |
| 546 ## - LANGUAGE NOTE | |
| Language note | English[eng] |
| 650 ## - SUBJECT ADDED ENTRY--TOPICAL TERM | |
| Topical term or geographic name entry element | Open Access||Institutions and Social Capital in Indonesia||Boeke's Dualistic Theory||Boeke's Social Dualism||Social Dualism and Development in Indonesia||Socio-economic duality in Indonesia||Social Dualism and Inequality in Indonesia |
| 856 ## - ELECTRONIC LOCATION AND ACCESS | |
| Uniform Resource Identifier | <a href="https://library.oapen.org/bitstream/20.500.12657/51505/1/9789811668319.pdf">https://library.oapen.org/bitstream/20.500.12657/51505/1/9789811668319.pdf</a> |
| 942 ## - ADDED ENTRY ELEMENTS (KOHA) | |
| Koha item type | E-Books |
| Withdrawn status | Lost status | Damaged status | Not for loan | Home library | Current library | Date acquired | Total Checkouts | Date last seen | Price effective from | Koha item type |
|---|---|---|---|---|---|---|---|---|---|---|
| Kerala University of Digital Sciences, Innovation and Technology Knowledge Centre | Kerala University of Digital Sciences, Innovation and Technology Knowledge Centre | 15/06/2022 | 15/06/2022 | 15/06/2022 | E-Books |